LEADER 00844cam0 22002653 450 001 SOB021878 005 20201005092025.0 010 $a0691033625 100 $a03.10.20d1994 |||||ita|0103 ba 101 $aeng 102 $aUS 200 1 $aVermeer$efaith in painting$fDaniel Arasse$gtr. Terry Grabar 210 $aPrinceton [N.J.]$cPrinceton Univ. Press$d1994 215 $aXIV, 136 p.$cill.$d24 cm 300 $aFondo E. Esposito 700 1$aArasse$b, Daniel$3AF00006437$4070$0302799 801 0$aIT$bUNISOB$c20201005$gRICA 850 $aUNISOB 852 $aUNISOB$j700$m117421 912 $aSOB021878 940 $aM 102 Monografia moderna SBN 941 $aM 957 $a700$b003405$gSI$d117421$hEsposito$rACQUISTO$1Spinosa$2UNISOB$3UNISOB$420191023103938.0$520191023103949.0$6Spinosa 996 $aVermeer$91592043 997 $aUNISOB